The survey of London (Record no. 113746)
[ view plain ]
| 000 -LEADER | |
|---|---|
| fixed length control field | 01791cam a22002295a 4500 |
| 001 - CONTROL NUMBER | |
| control field | L155679 |
| 008 - FIXED-LENGTH DATA ELEMENTS--GENERAL INFORMATION | |
| fixed length control field | 120402s1633 xxk f 000 0 eng d |
| 035 ## - SYSTEM CONTROL NUMBER | |
| System control number | (Sirsi) u155679 |
| 041 0# - LANGUAGE CODE | |
| Language code of text/sound track or separate title | eng |
| 100 1# - MAIN ENTRY--PERSONAL NAME | |
| Personal name | Stow, John |
| Dates associated with a name | 1525?-1605 |
| 245 04 - TITLE STATEMENT | |
| Title | The survey of London |
| Remainder of title | contayning the originall, increase, moderne estate, and government of that city, methodically set downe. With a memoriall of those famouser acts of charity, which for publicke and pious vses have beene bestowed by many worshipfull citizens and benefactors. As also all the ancient and moderne monuments erected in the churches, not onely of those two famous cities, London and Westminster, but (now newly added) foure miles compasse. Begunne first by the paines and industry of Iohn Stovv, in the yeere 1598. Afterwards inlarged by the care and diligence of A.M. in the yeere 1618. And now completely finished by the study and labour of A.M. H.D. and others, this present yeere 1633. Whereunto, besides many additions (as appeares by the contents) are annexed divers alphabeticall tables; especially two: the first, an index of things. The second, a concordance of names |
| 260 ## - PUBLICATION, DISTRIBUTION, ETC. | |
| Place of publication, distribution, etc. | London |
| Name of publisher, distributor, etc. | printed by Elizabeth Purslovv, and are to be sold by Nicholas Bourne, at his shop at the south entrance of the Royall Exchange |
| Date of publication, distribution, etc. | 1633 |
| 300 ## - PHYSICAL DESCRIPTION | |
| Extent | [14], 534, 527-652, 655-770, 773-939, [28] p. |
| Other physical details | ill. (woodcuts) |
| Dimensions | 2o |
| 520 ## - SUMMARY, ETC. | |
| Summary, etc. | A.M. and H.D = Anthony Munday and Humphrey Dyson. |
| 583 ## - ACTION NOTE | |
| Action | Condition reviewed |
| Time/date of action | 20120620 |
| Status | condition level 1 and 1 |
| 651 #4 - SUBJECT ADDED ENTRY--GEOGRAPHIC NAME | |
| Geographic name | London |
| 690 ## - LOCAL SUBJECT ADDED ENTRY--TOPICAL TERM (OCLC, RLIN) | |
| Topical term or geographic name as entry element | Measurement |
| 9 (RLIN) | 6256 |
| 700 1# - ADDED ENTRY--PERSONAL NAME | |
| Personal name | Munday, Anthony |
| Dates associated with a name | 1553-1633 |
| 700 1# - ADDED ENTRY--PERSONAL NAME | |
| Personal name | Dyson, Humphrey |
| Dates associated with a name | d. 1633 |
| 856 ## - ELECTRONIC LOCATION AND ACCESS | |
| Uniform Resource Identifier | <a href="https://archive.org/details/b30331870/page/n11/mode/2up">https://archive.org/details/b30331870/page/n11/mode/2up</a> |
| Public note | Scanned copy available on the internet archive |
| 942 ## - ADDED ENTRY ELEMENTS (KOHA) | |
| Suppress in OPAC | 0 |
| Source of classification or shelving scheme | Dewey Decimal Classification |
| Withdrawn status | Lost status | Source of classification or shelving scheme | Damaged status | Not for loan | Home library | Current library | Shelving location | Date acquired | Total Checkouts | Full call number | Barcode | Date last seen | Copy number | Price effective from | Koha item type |
|---|---|---|---|---|---|---|---|---|---|---|---|---|---|---|---|
| Dewey Decimal Classification | Historic collection | Historic collection | Historic collection | 25/06/2012 | FOLIO 1633 STOW | 30075941 | 06/08/2019 | 1 | 06/08/2019 | Book | |||||
| Dewey Decimal Classification | Historic collection | Historic collection | Historic collection | 17/10/2012 | FOLIO 1633 STOW | 30075949 | 06/08/2019 | 2 | 06/08/2019 | Book |